|
|
|
|
| LEADER |
00871nam a2200253 a 4500 |
| 008 |
831129s1983 enk b 001 0 eng |
| 010 |
|
|
|a 83144419
|
| 020 |
|
|
|a 0855205989 :
|c £12.50
|
| 020 |
|
|
|a 0855205997 (pbk.)
|
| 082 |
0 |
0 |
|a 370
|2 19
|
| 100 |
1 |
|
|a Loukes, Harold.
|
| 245 |
1 |
0 |
|a Education:
|b an introduction /
|c Harold Loukes, John Wilson, and Barbara Cowell.
|
| 260 |
|
|
|a Oxford :
|b M. Robertson,
|c 1983.
|
| 300 |
|
|
|a xiii, 138 p. ;
|c 23 cm.
|
| 500 |
|
|
|a Includes index.
|
| 504 |
|
|
|a Bibliography: p. 133-134.
|
| 650 |
|
0 |
|a Education.
|
| 650 |
|
0 |
|a Education
|x Philosophy.
|
| 700 |
1 |
|
|a Wilson, John,
|d 1928-
|
| 700 |
1 |
|
|a Cowell, Barbara.
|
| 906 |
|
|
|a 7
|b cbc
|c orignew
|d 3
|e ncip
|f 19
|g y-gencatlg
|
| 942 |
|
|
|c BK
|
| 999 |
|
|
|c 182565
|d 182565
|
| 952 |
|
|
|0 0
|1 0
|2 ddc
|4 0
|6 370_000000000000000_LOU_E
|7 0
|9 201858
|a EDU
|b EDU
|c ST1
|d 2010-10-20
|i 4127
|o 370 LOU/E
|p EDU4127
|r 2014-01-16
|y BK
|